| Tag |
First Indicator |
Second Indicator |
Subfields |
| LEADER |
00000pam a2200000 a 4500 |
| 001 |
in00000089581 |
| 005 |
20151008065423.0 |
| 008 |
820126s1982 txua b 00110beng |
| 010 |
|
|
|a 82000739
|
| 020 |
|
|
|a 0890961271 :
|c $24.50
|
| 035 |
|
|
|a (OCoLC)08169686
|
| 035 |
|
|
|9 AAK5920AM
|
| 039 |
0 |
|
|a 2
|b 3
|c 3
|d 3
|e 3
|
| 040 |
|
|
|a DLC
|c DLC
|d TXA
|d UtOrBLW
|
| 043 |
|
|
|a n-us-tx
|
| 049 |
|
|
|a TXAM
|c 1 [1673287], 2 [1502922]
|a TXAS
|c 3 [txas], 4 [pres]
|
| 050 |
0 |
0 |
|a F391.S629
|b S54 1982
|
| 082 |
0 |
|
|a 976.4/009/92
|a B
|2 19
|
| 100 |
1 |
|
|a Silverthorne, Elizabeth.
|
| 245 |
1 |
0 |
|a Ashbel Smith of Texas :
|b pioneer, patriot, statesman, 1805-1886 /
|c by Elizabeth Silverthorne.
|
| 250 |
|
|
|a 1st ed.
|
| 264 |
|
1 |
|a College Station :
|b Texas A&M University Press,
|c [1982]
|
| 264 |
|
4 |
|c ©1982
|
| 300 |
|
|
|a xvi, 259 pages :
|b illustrations ;
|c 24 cm.
|
| 336 |
|
|
|a text
|b txt
|2 rdacontent
|
| 337 |
|
|
|a unmediated
|b n
|2 rdamedia
|
| 338 |
|
|
|a volume
|b nc
|2 rdacarrier
|
| 490 |
1 |
|
|a The Centennial series of the Association of Former Students, Texas A&M University ;
|v no. 11
|
| 500 |
|
|
|a Includes index.
|
| 504 |
|
|
|a Bibliography: pages [235]-248.
|
| 600 |
1 |
0 |
|a Smith, Ashbel,
|d 1805-1886.
|
| 650 |
|
0 |
|a Statesmen
|z Texas
|x Biography.
|
| 650 |
|
0 |
|a Physicians
|z Texas
|x Biography.
|
| 651 |
|
0 |
|a Texas
|x History.
|
| 651 |
|
0 |
|a Texas
|v Biography.
|
| 830 |
|
0 |
|a Centennial series of the Association of Former Students, Texas A&M University ;
|v no. 11.
|
| 999 |
|
|
|a MARS
|
| 999 |
f |
f |
|s 75af6cd4-32fd-3045-86a7-6af69948b257
|i a7bf5fab-7428-3830-bce1-ca339319c12d
|t 0
|
| 952 |
f |
f |
|p noncirc
|a Texas A&M University
|b College Station
|c Cushing Memorial Library & Archives
|d Cushing: Texas A&M Press (Does not check out)
|t 0
|e F391.S629 S54 1982
|h Library of Congress classification
|i unmediated -- volume
|
| 952 |
f |
f |
|p ric
|a Texas A&M University
|b Rellis Campus
|c Joint Library Facility
|d Remote Storage
|t 0
|e F391.S629 S54 1982
|h Library of Congress classification
|i unmediated -- volume
|m A14806109621
|
| 952 |
f |
f |
|p noncirc
|a Texas A&M University
|b College Station
|c Cushing Memorial Library & Archives
|d Cushing: Kelsey Americana (Does not check out)
|t 0
|e F391.S629 S54 1982
|h Library of Congress classification
|i unmediated -- volume
|m A14808178040
|
| 952 |
f |
f |
|p ric
|a Texas A&M University
|b Rellis Campus
|c Joint Library Facility
|d Remote Storage
|t 0
|e F391.S629 S54 1982
|h Library of Congress classification
|i unmediated -- volume
|m 33620001155759
|
| 998 |
f |
f |
|a F391.S629 S54 1982
|t 0
|l Remote Storage
|
| 998 |
f |
f |
|a F391.S629 S54 1982
|t 0
|l Cushing: Kelsey Americana (Does not check out)
|
| 998 |
f |
f |
|a F391.S629 S54 1982
|t 0
|l Cushing: Texas A&M Press (Does not check out)
|
| 998 |
f |
f |
|a F391.S629 S54 1982
|t 0
|l Remote Storage
|